| 000 | 01110njm a22002657a 4500 | ||
|---|---|---|---|
| 005 | 2010090106596.0 | ||
| 006 | a|||||r|||||00| 0 | ||
| 007 | sd ammalaaahaa | ||
| 008 | 100830t xxu||||| |||| 00| 0 eng d | ||
| 028 |
_aN.15938 _bHis Master's Voice |
||
| 028 | _aOJW.834 | ||
| 035 | _aGR-148 | ||
| 040 |
_aSED _cSED |
||
| 100 |
_aThirkhawa, Khansahib Ahmedjan _917693 |
||
| 245 |
_aTritaalaa Peskaar/ _csung by Khansahib Ahmedjan Thirkhawa _h[sound recording] : |
||
| 246 | _aत्रिकाला पेशकार / सुंग बय खंसहिब अह्मेद्जन थिरखवा | ||
| 260 |
_aDum Dum , India _bHis Master's Voice |
||
| 300 |
_a1 sound disc [Gramphone Recording] : _banalog, 33 1/3 rpm _c9.5 in. (MP) _fGramphones Records |
||
| 500 | _aBrief Record | ||
| 505 | _aSide 2 त्रिताला कायदा ( Tritaala Kayada) (Khansahib Ahmedjan Thirkhawa). | ||
| 650 |
_xExcerpts _zIndia _917514 _aClassical music |
||
| 700 | _917515 | ||
| 942 |
_2ddc _cGR |
||
| 999 |
_c43328 _d43328 |
||